| 000 | 00463nam a2200193Ia 4500 | ||
|---|---|---|---|
| 005 | 20250423095731.0 | ||
| 008 | 250422s9999 xx 000 0 und d | ||
| 020 | _a0-393-97781-1 | ||
| 050 | _aHB 171.5 .S884/ | ||
| 100 | _aStiglitz, Joseph E. | ||
| 245 | 0 | _aInstructor’s manual economics | |
| 250 | _aThird Edition | ||
| 260 | _aNew York | ||
| 260 | _bW.W Norton & company | ||
| 260 | _c2002 | ||
| 300 | _a689 p | ||
| 650 | _aEconomics | ||
| 942 | _cBK | ||
| 999 |
_c31168 _d31168 |
||